000 00843nam a2200253Ia 4500
003 OSt
005 20220923215455.0
006 a|||||r|||| 00| 0
007 ta
008 220922b |||||||| |||| 00| 0 hin d
024 _a179,096
037 _cTextual
040 _aARTS
_cARTS
_bhin
041 _2hin
_ahin
082 _aO152,1M89,18:g, L7
100 _aउपाध्याय, नीलमणि
245 0 _aकामायनी का आनन्दवाद
246 _aKāmāyanī kā ānandavāda
260 _aजयपुर
_b जयपुर पुस्तक सदन
_c1977
300 _a129 पृ.
_ccm.
650 _aहिन्दी साहित्य
_9156264
942 _hO152,1M89,18:g, L7
_cTEXL
_2CC
999 _c332477
_d332477